000 00910 a2200229 4500
005 20260319114600.0
008 260319b |||||||| |||| 00| 0 eng d
020 _a8179650707 (hbk)
037 _cTB
040 _aBL
_cBL
041 _2hin
_ahin
084 _a4:(D65,8(B):71) 152P4
_qBL
100 _aकुमार, सुरेश
_91114828
245 _aइंटरनेट पत्रकारिता
260 _aनई दिल्ली, भारत:
_bतक्षशिला प्रकाशन,
_c2004.
300 _a178पृ.
365 _b600.00
_cINR
650 _aइंटरनेट
_91132528
650 _aपत्रकारिता
942 _cTB
_2CC
_h4:(D65,8(B):71) 152P4
999 _c1679085
_d1679085